Religion in Africa : (Record no. 12667)
[ view plain ]
| 000 -LEADER | |
|---|---|
| fixed length control field | 00747nam a22002292 4500 |
| 001 - CONTROL NUMBER | |
| control field | 0000001899 |
| 005 - DATE AND TIME OF LATEST TRANSACTION | |
| control field | 20151217155814.0 |
| 008 - FIXED-LENGTH DATA ELEMENTS--GENERAL INFORMATION | |
| fixed length control field | 070329s xx 000 0 eng d |
| 020 ## - INTERNATIONAL STANDARD BOOK NUMBER | |
| International Standard Book Number | 0435080830 : |
| Terms of availability | KES 2,480 |
| 040 ## - CATALOGING SOURCE | |
| Original cataloging agency | KABU |
| Transcribing agency | KABU |
| 050 #0 - LIBRARY OF CONGRESS CALL NUMBER | |
| Classification number | BL2462.5 |
| Item number | .R45 |
| 245 10 - TITLE STATEMENT | |
| Title | Religion in Africa : |
| Remainder of title | experiences and expression / |
| Statement of responsibility, etc. | ed. by Thomas D. Blakely, Dennis L. Thomson. |
| 260 ## - PUBLICATION, DISTRIBUTION, ETC. (IMPRINT) | |
| Place of publication, distribution, etc. | London : |
| Name of publisher, distributor, etc. | J. Currey, |
| Date of publication, distribution, etc. | 1994. |
| 300 ## - PHYSICAL DESCRIPTION | |
| Extent | xvi, 512 p. |
| 651 #0 - SUBJECT ADDED ENTRY--GEOGRAPHIC NAME | |
| Geographic name | Africa, Sub-Saharan |
| General subdivision | Religion. |
| -- | 0000150985 |
| 700 1# - ADDED ENTRY--PERSONAL NAME | |
| Personal name | Blakely, Thomas D. |
| -- | 0000150986 |
| 700 1# - ADDED ENTRY--PERSONAL NAME | |
| Personal name | Beek, Walter van. |
| -- | 0000150987 |
| 700 1# - ADDED ENTRY--PERSONAL NAME | |
| Personal name | Thomson, Dennis L. |
| -- | 0000150988 |
| 908 ## - PUT COMMAND PARAMETER (RLIN) | |
| Put command parameter | 070329 |
| 950 ## - LOCAL HOLDINGS (RLIN) | |
| -- | 1 |
| Withdrawn status | Lost status | Source of classification or shelving scheme | Not for loan | Home library | Current library | Date acquired | Total Checkouts | Total Renewals | Full call number | Barcode | Checked out | Date last seen | Date last checked out | Copy number | Price effective from | Koha item type | Shelving location | Source of acquisition | Inventory number |
|---|---|---|---|---|---|---|---|---|---|---|---|---|---|---|---|---|---|---|---|
| Library of Congress Classification | Kabarak, Main Campus | Kabarak, Main Campus | 17/12/2015 | 1 | 1 | BL2462.5 .R45 C.1 | 006357 | 08/11/2025 | 13/10/2025 | 13/10/2025 | C.1 | 17/12/2015 | Africana Collection | ||||||
| Library of Congress Classification | Kabarak, Main Campus | Kabarak, Main Campus | 23/01/2026 | BL2462.5 .R45 1992 C.2 | 39668 | 23/01/2026 | C.2 | 23/01/2026 | General Collection | General Stacks | Donation | 2025/2927 |